000 01039nam a22002537a 4500
999 _c15714
_d15714
003 MIRAKIL
005 20240321130315.0
008 240321b tu ||||| |||| 00| 0 tur d
020 _a9789751632593
040 _aTR-AnCHP
_cTR-AnCHP
041 _atur
082 _a410
_bU48 2017
111 _aUluslararası Yaşayan Türkçe Bilgi Şöleni
_c(2012 :
_dİstanbul)
245 1 0 _aUluslararası Yaşayan Türkçe Bilgi Şöleni bildirileri, 30 Mayıs - 1 Haziran 2012, İstanbul
260 _aAnkara :
_bTürk Dil Kurumu,
_c2017.
300 _a578 s. :
_brnk. fotoğ., tbl. ;
_c24 cm.
490 0 _aAtatürk Kültür, Dil ve Tarih Yüksek Kurumu Türk Dil Kurumu yayınları ;
_v1200.
500 _aVefatının 30. yılında Prof. Dr. Faruk Kadri Timurtaş hatırasına hazırlanmıştır
504 _aKaynakça bildiri sonlarındadır
600 0 _97823
_aTimurtaş, Faruk Kadri
650 0 _97716
_aTürk dili
856 _zDijital Nüshası için Partimizin Kütüphane Sorumlusu ile iletişime geçiniz.
942 _2ddc
_cBKS